| 000 | 00482nam a2200193Ia 4500 | ||
|---|---|---|---|
| 008 | 160319s9999 xx 000 0 und d | ||
| 020 | _a9715694241 | ||
| 050 | _a899.211 | ||
| 050 | _bM445s 2001 | ||
| 100 | _aMatute, Genoveva Edroza | ||
| 245 | _aSa ilalim ng araw na pula / | ||
| 245 | _cni Genoveva Edroza-Matute. | ||
| 260 | _aMakati City : | ||
| 260 | _bNational Bookstore. | ||
| 260 | _c2001 | ||
| 300 | _avii, 127 p. : | ||
| 300 | _bill. ; | ||
| 300 | _c18 cm. | ||
| 999 |
_c292215 _d292215 |
||